00296nam a22001217a 4500082001200000100002700012245003400039260005100073300000800124650001800132942000700150999001700157 a954 BAN aBanerjee, Jamini Mohan aHistory of Firuz Shah Tughluq aDelhibOriental Publishers & Booksellersc1967 a228 aHistory-India cBK c21296d21296